The quadrennial Homeland Security review : hearing before the Subcommittee on Management, Investigations, and Oversight of the Committee on Homeland Security, House of Representatives, One Hundred Tenth Congress, second session, July 30, 2008.

Bibliographic Details
Corporate Author: United States. Congress. House. Committee on Homeland Security. Subcommittee on Management, Investigations, and Oversight
Format: Government Document eBook
Language:English
Published: Washington : U.S. G.P.O., 2009.
Subjects:
Online Access:Electronic resource (PDF)

MARC

Tag First Indicator Second Indicator Subfields
LEADER 00000cam a22000001a 4500
001 in00004100381
005 20200117091255.0
006 m d f
007 cr bn mmmapmmp
008 091001s2009 dcu o f000 0 eng d
035 |a chdc201000400 
040 |a UMI  |c UMI  |d UtOrBLW 
042 |a pcc 
043 |a n-us--- 
074 |a 1018-C 
086 0 |a Y 4.H 75:110-133 
088 |a Serial no. 110-133 (United States. Congress. House. Committee on Homeland Security) 
110 1 |a United States.  |b Congress.  |b House.  |b Committee on Homeland Security.  |b Subcommittee on Management, Investigations, and Oversight.  |0 http://id.loc.gov/authorities/names/no2007085974 
245 1 4 |a The quadrennial Homeland Security review :  |b hearing before the Subcommittee on Management, Investigations, and Oversight of the Committee on Homeland Security, House of Representatives, One Hundred Tenth Congress, second session, July 30, 2008. 
264 1 |a Washington :  |b U.S. G.P.O.,  |c 2009. 
264 2 |a Washington :  |b For sale by the Supt. of Docs., U.S. G.P.O. 
300 |a iii, 29 pages, digital, PDF file. 
336 |a text  |b txt  |2 rdacontent 
337 |a computer  |b c  |2 rdamedia 
338 |a online resource  |b cr  |2 rdacarrier 
500 |a Shipping list number: 2009-0456-P. 
500 |a "Serial number 110-133." 
500 |a Record is based on bibliographic data in ProQuest Congressional Hearings Digital Collection. Reuse except for individual research requires license from ProQuest, LLC. 
500 |a Electronic resource. 
533 |a Electronic reproduction.  |b [Bethesda, Md.] :  |c ProQuest,  |d 2010.  |e digital, PDF file.  |n ProQuest U.S. Congressional Hearings Digital Collection.  |n Mode of access: World Wide Web via ProQuest website. 
538 |a System requirements: PDF reader software. 
610 1 0 |a United States.  |b Department of Homeland Security  |v Rules and practice  |x Evaluation. 
610 1 0 |a United States.  |b Department of Homeland Security  |x Management  |x Evaluation. 
650 0 |a National security  |z United States  |x Planning. 
776 0 8 |i Print version:   |a United States. Congress. House. Committee on Homeland Security. Subcommittee on Management, Investigations, and Oversight.  |t Quadrennial Homeland Security review  |w 9780160840791  |w 0160840791  |w (OCoLC)439008271  |z 2009438519 
776 0 8 |i Microfiche version:   |a United States. Congress. House. Committee on Homeland Security. Subcommittee on Management, Investigations, and Oversight.  |t quadrennial Homeland Security review  |d [Bethesda, Md.] : ProQuest,[2010]  |o CIS 2010 H411-6  |w (ProQuest)cis01000860  
856 4 0 |u http://proxy.library.tamu.edu/login?url=http://search.proquest.com/congcomp/getdoc?HEARING-ID=HRG-2008-HFS-0071  |y Electronic resource (PDF)  |t 0 
998 |a cis01000860  
999 f f |s 08f32c2d-62d6-3372-afd1-e81df078162e  |i 1b696512-b871-366f-b4da-26bdf0fe6ae4  |t 0 
952 f f |a Texas A&M University  |b College Station  |c Electronic Resources  |d Available Online  |t 0  |e Y 4.H 75:110-133  |h Superintendent of Documents classification 
998 f f |a Y 4.H 75:110-133  |t 0  |l Available Online